| 000 | 01384nam0a22002891 4500 | ||
|---|---|---|---|
| 001 | rc\3981439 | ||
| 005 | 20260407100608.0 | ||
| 021 |
_aRU _b[56-51829] |
||
| 035 | _a(NLR Aleph) 008061589 | ||
| 090 |
_a9006218 _c9006218 |
||
| 100 | _a20130415d1956 |||y0rusy50 ca | ||
| 101 | 0 | _arus | |
| 102 | _aRU | ||
| 105 | _ay z ||||| | ||
| 200 | 1 |
_aБольше продукции при меньших затратах труда _e[Совхоз "Красный кут" _fВсесоюз. с.-х. выставка 1956 г. [Упр. пропаганды]. Павильон "Поволжье" |
|
| 210 |
_aМосква _cИзд-во М-ва сельского хозяйства СССР _d1956] |
||
| 215 |
_a1 л., слож. в 6 с. _d20 |
||
| 300 | _aАвт. указан в вып. дан. | ||
| 606 |
_aСельскохозяйственные животные _xУход и содержание _yСаратовская область _2psbo |
||
| 606 |
_aЖивотные продукты _xСебестоимость _xСнижение _2psbo |
||
| 700 | 1 |
_aПоспелова _bЛ.П. _gЛидия Петровна |
|
| 712 | 1 | 2 |
_aВсесоюзная сельскохозяйственная выставка _f1954-1959 _eМосква _3RU\NLR\AUTH\889927075 _9349816 |
| 801 | 0 |
_aRU _bNLR _gpsbo |
|
| 801 | 1 |
_aRU _bELAR _2rusmarc |
|
| 852 |
_aNLR _jС80 Г-4/730 |
||
| 942 | _cBOOK | ||
| 980 | _aNB | ||